LIBRARY & INFORMATION CENTRE, KCAET, TAVANUR

ONLINE PUBLIC ACCESS CATALOGUE (OPAC)

Avruta beejikalute roopavijnanam / (Record no. 4623)

MARC details
000 -LEADER
fixed length control field 00472cam a2200181ua 4500
041 ## - LANGUAGE CODE
Language code of text/sound track or separate title mal
082 ## - DEWEY DECIMAL CLASSIFICATION NUMBER
Classification number 582.13
Item number EAM/AV
100 ## - MAIN ENTRY--AUTHOR NAME
Personal name Eames, Arthur J.
245 ## - TITLE STATEMENT
Title Avruta beejikalute roopavijnanam /
260 ## - PUBLICATION, DISTRIBUTION, ETC. (IMPRINT)
Place of publication Thiruvananthapuram :
Name of publisher State Instititute of Languages ,
Year of publication 1974.
300 ## - PHYSICAL DESCRIPTION
Number of Pages 739 ; .
942 ## - ADDED ENTRY ELEMENTS (KOHA)
Koha item type Books
Holdings
Withdrawn status Lost status Damaged status Home library Current library Date acquired Full call number Accession Number Koha item type
      KAUAET   07/04/2012 582.13 13953 Books
      KAUAET KAUAET 07/04/2012 582.13 13954 Books
free website counter